[Event "4NCL Online Division 5"]
[Site "online"]
[Date "2021.09.07"]
[EventDate "2021.09.07"]
[Round "2.54"]
[White "McCullagh, Tim"]
[WhiteElo "1375"]
[WhiteTeam "Wessex Some Stars G"]
[Black "Humeniuk, Michael"]
[BlackElo "1515"]
[BlackTeam "Hertford 3"]
[Result "0-1"]
[PlyCount "80"]

1. d4 d5 2. e4 dxe4 3. Nc3 Nf6 4. f3 exf3 5. Nxf3 Bf5 6. Ne5 e6 7. g4 Bg6 8. Qf3 c6 9. Bd3 Qxd4 10. Nxg6 hxg6 11. Be3 Qxg4 12. Qxg4 Nxg4 13. Bf4 Nd7 14. Bg3 Bb4 15. O-O-O Bxc3 16. bxc3 O-O-O 17. Rdf1 f5 18. Re1 Rhe8 19. Be2 Ngf6 20. Bh4 e5 21. Reg1 Nf8 22. Bc4 Rd7 23. Bxf6 gxf6 24. h4 b5 25. Bb3 Red8 26. h5 gxh5 27. Rxh5 f4 28. Rh6 Rd6 29. Rg7 Nd7 30. c4 bxc4 31. Bxc4 Rd4 32. Ba6+ Kc7 33. c3 Ra4 34. Bd3 Kb6 35. Bf5 Nc5 36. Rxf6 Rxa2 37. Kb1 Rh2 38. Bg4 Rdd2 39. Bf3 Rb2+ 40. Ka1 Nb3# 0-1

[Event "4NCL Online Division 5"]
[Site "online"]
[Date "2021.09.07"]
[EventDate "2021.09.07"]
[Round "2.61"]
[White "Rao, Shree"]
[WhiteElo "1533"]
[WhiteTeam "Crowthorne 2"]
[Black "Spargo, Philip J"]
[BlackElo "1454"]
[BlackTeam "Breage Bruisers"]
[Result "1-0"]
[PlyCount "49"]

1. d4 d5 2. Bf4 e6 3. Nd2 Nf6 4. e3 Bd6 5. Bg3 c6 6. Ngf3 Bb4 7. Bd3 a6 8. c3 Be7 9. O-O Nbd7 10. e4 dxe4 11. Nxe4 Nxe4 12. Bxe4 Nf6 13. Bd3 Bd6 14. Ne5 O-O 15. f4 c5 16. Bf2 cxd4 17. Bxd4 Qe7 18. b4 Bxe5 19. fxe5 Nd5 20. Qg4 h6 21. Rf6 Nxf6 22. exf6 g6 23. fxe7 Re8 24. Bxg6 Rxe7 25. Bh7+ 1-0

[Event "4NCL Online Division 5"]
[Site "online"]
[Date "2021.09.07"]
[EventDate "2021.09.07"]
[Round "2.62"]
[White "Renshaw, Ian"]
[WhiteElo "1442"]
[WhiteTeam "Breage Bruisers"]
[Black "Raj, Anrudh"]
[BlackElo "1196"]
[BlackTeam "Crowthorne 2"]
[Result "1-0"]
[PlyCount "29"]

1. e4 d6 2. Nf3 f5 3. Nc3 Nf6 4. exf5 Bxf5 5. Bc4 e6 6. d4 d5 7. Bd3 Bg6 8. O-O Bd6 9. Bg5 O-O 10. Bxg6 hxg6 11. Ne5 Nbd7 12. Nxg6 Rf7 13. Qd3 e5 14. Qh3 Nh7 15. Bxd8 1-0

[Event "4NCL Online Division 5"]
[Site "online"]
[Date "2021.09.07"]
[EventDate "2021.09.07"]
[Round "2.63"]
[White "Das, Arjit"]
[WhiteElo "1090"]
[WhiteTeam "Crowthorne 2"]
[Black "Evdokimova, Maria"]
[BlackElo "1428"]
[BlackTeam "Breage Bruisers"]
[Result "0-1"]
[PlyCount "42"]

1. e4 d5 2. f3 Nc6 3. Nc3 d4 4. Nb5 a6 5. Na3 e5 6. d3 Bb4+ 7. c3 dxc3 8. Nc4 c2+ 9. Qd2 Bxd2+ 10. Bxd2 b5 11. Na3 Nd4 12. Ne2 Nf6 13. Rc1 Be6 14. f4 Bxa2 15. fxe5 Nxe4 16. Nxd4 Qxd4 17. Rxc2 Qf2+ 18. Kd1 Bb3 19. dxe4 Bxc2+ 20. Nxc2 Rd8 21. Nb4 Qxd2# 0-1

[Event "4NCL Online Division 5"]
[Site "online"]
[Date "2021.09.07"]
[EventDate "2021.09.07"]
[Round "2.64"]
[White "Taylor, Russell"]
[WhiteElo "1403"]
[WhiteTeam "Breage Bruisers"]
[Black "McKean, Matthew"]
[BlackElo "1000"]
[BlackTeam "Crowthorne 2"]
[Result "1/2-1/2"]
[PlyCount "89"]

1. d4 d5 2. c4 c6 3. e3 Nf6 4. Nc3 Bf5 5. Nf3 Nbd7 6. Be2 e6 7. O-O b6 8. a3 c5 9. b3 Be7 10. Bb2 O-O 11. cxd5 exd5 12. Rc1 Rc8 13. dxc5 bxc5 14. Nxd5 Nxd5 15. Qxd5 Be6 16. Qd1 Nf6 17. Bc4 Qb6 18. Qc2 Rb8 19. Ng5 g6 20. Nxe6 fxe6 21. Rfd1 Rfd8 22. Qe2 Ne4 23. Be5 Rxd1+ 24. Rxd1 Rf8 25. f3 Nf6 26. Rd3 Rd8 27. Bxf6 Bxf6 28. Qd1 Rxd3 29. Qxd3 Qc6 30. e4 Bd4+ 31. Kf1 Kf8 32. Qc2 e5 33. Bd5 Qa6+ 34. Qc4 Qxa3 35. g3 Qa1+ 36. Kg2 Qg1+ 37. Kh3 Qh1 38. Bg8 Qxf3 39. Qe6 Qh5+ 40. Kg2 Qe2+ 41. Kh3 Qf1+ 42. Kg4 Qe2+ 43. Kh3 Qh5+ 44. Kg2 Qe2+ 45. Kh3 1/2-1/2

[Event "4NCL Online Division 5"]
[Site "online"]
[Date "2021.09.07"]
[EventDate "2021.09.07"]
[Round "2.71"]
[White "Glover, John"]
[WhiteElo "1678"]
[WhiteTeam "War & Piece Nimrod"]
[Black "Coathup, Roger H"]
[BlackElo "2192"]
[BlackTeam "Morpeth"]
[Result "0-1"]
[PlyCount "90"]

1. Nf3 c5 2. c4 Nc6 3. Nc3 g6 4. g3 Bg7 5. Bg2 d6 6. O-O e6 7. d3 Nge7 8. a3 b6 9. Rb1 Bb7 10. Bd2 Qd7 11. b4 Rc8 12. bxc5 dxc5 13. Qa4 O-O 14. Rfc1 Nf5 15. Bf4 Rfd8 16. Ne4 Ncd4 17. Qxd7 Rxd7 18. Nxd4 Nxd4 19. Nc3 Bxg2 20. Kxg2 f5 21. Kf1 Kf7 22. Nb5 Nxb5 23. cxb5 e5 24. Bd2 e4 25. Bc3 exd3 26. Bxg7 Kxg7 27. Rd1 Rcd8 28. e3 c4 29. Rbc1 Rc8 30. Rc3 Kf6 31. Ke1 Rc5 32. a4 Ke5 33. f3 Rd8 34. Kd2 a6 35. bxa6 Ra8 36. Rb1 Rxa6 37. Rb4 Kd5 38. Ra3 b5 39. a5 g5 40. Kc3 g4 41. fxg4 fxg4 42. Ra1 Ke4 43. Rf1 Rxa5 44. Rf4+ Kxe3 45. Rxg4 Ra2 0-1

[Event "4NCL Online Division 5"]
[Site "online"]
[Date "2021.09.07"]
[EventDate "2021.09.07"]
[Round "2.72"]
[White "Symonds, Richard H"]
[WhiteElo "1958"]
[WhiteTeam "Morpeth"]
[Black "Dray-Pearce, Tristan"]
[BlackElo "1640"]
[BlackTeam "War & Piece Nimrod"]
[Result "1-0"]
[PlyCount "51"]

1. d4 e6 2. Nc3 d5 3. e4 Nf6 4. e5 Nfd7 5. Qh5 c5 6. Nf3 Nc6 7. Ng5 g6 8. Qf3 Ndxe5 9. dxe5 Nxe5 10. Bb5+ Bd7 11. Bxd7+ Qxd7 12. Qf6 Rg8 13. Qxe5 Bg7 14. Qe2 h6 15. Nf3 d4 16. Ne4 Qd5 17. c4 Qc6 18. O-O f5 19. Ng3 Qd6 20. Re1 Kd7 21. Bf4 Qxf4 22. Qxe6+ Kc7 23. Qe7+ Kb6 24. Re6+ Ka5 25. Qxc5+ Ka4 26. b3# 1-0

[Event "4NCL Online Division 5"]
[Site "online"]
[Date "2021.09.07"]
[EventDate "2021.09.07"]
[Round "2.73"]
[White "Townend, Ron"]
[WhiteElo "1541"]
[WhiteTeam "War & Piece Nimrod"]
[Black "Turner, James"]
[BlackElo "1953"]
[BlackTeam "Morpeth"]
[Result "0-1"]
[PlyCount "58"]

1. d4 g6 2. c4 Bg7 3. Nc3 d6 4. Nf3 Nf6 5. Bf4 O-O 6. e3 Nh5 7. Bg3 c5 8. Be2 Nc6 9. d5 Nxg3 10. hxg3 Ne5 11. Nxe5 Bxe5 12. Qc2 Qa5 13. O-O a6 14. a3 Bd7 15. Rfb1 b5 16. b4 cxb4 17. axb4 Qc7 18. Ra2 bxc4 19. f4 Bg7 20. e4 Qb6+ 21. Kf1 Qe3 22. Nd1 Qxg3 23. f5 Bb5 24. Qc1 Qh4 25. Nf2 Bd4 26. Nh3 Qxe4 27. Nf2 Qxf5 28. Bxc4 Bxc4+ 29. Qxc4 Qxb1+ 0-1

[Event "4NCL Online Division 5"]
[Site "online"]
[Date "2021.09.07"]
[EventDate "2021.09.07"]
[Round "2.74"]
[White "Horton, John G"]
[WhiteElo "1724"]
[WhiteTeam "Morpeth"]
[Black "Morrison, Munroe L"]
[BlackElo "1633"]
[BlackTeam "War & Piece Nimrod"]
[Result "1/2-1/2"]
[PlyCount "36"]

1. c4 e5 2. f4 Nc6 3. d3 Bb4+ 4. Nc3 d6 5. Nf3 Nd4 6. Nxd4 exd4 7. Qa4+ Bd7 8. Qxb4 dxc3 9. Qxc3 Nf6 10. e4 O-O 11. Be2 Ng4 12. Bxg4 Qh4+ 13. g3 Qxg4 14. d4 b5 15. b3 bxc4 16. bxc4 Rfe8 17. e5 dxe5 18. dxe5 Rxe5+ 1/2-1/2

[Event "4NCL Online Division 5"]
[Site "online"]
[Date "2021.09.07"]
[EventDate "2021.09.07"]
[Round "2.81"]
[White "ERMIS, MEHMET EREN"]
[WhiteElo "2106"]
[WhiteTeam "QMUL A"]
[Black "Jenkins, Simon"]
[BlackElo "1513"]
[BlackTeam "Lerryn Clowns"]
[Result "1-0"]
[PlyCount "93"]

1. d4 b5 2. a4 b4 3. c4 e6 4. e4 Ne7 5. f4 Ng6 6. Nf3 Bb7 7. Bd3 a5 8. h4 Be7 9. h5 Nh4 10. g3 Nxf3+ 11. Qxf3 Nc6 12. Be3 b3 13. Nd2 Nb4 14. Bb1 Nc2+ 15. Bxc2 bxc2 16. Kf2 Bb4 17. Rac1 f5 18. d5 Qe7 19. exf5 Bxd2 20. Bxd2 Qc5+ 21. Qe3 Qxe3+ 22. Bxe3 O-O 23. fxe6 dxe6 24. Rxc2 exd5 25. Rd1 Rad8 26. cxd5 Rf5 27. Rxc7 Bxd5 28. g4 Rff8 29. Rc5 Bb3 30. Rxd8 Rxd8 31. Rxa5 Rc8 32. Bd4 Rc4 33. Ra8+ Kf7 34. Ra7+ Ke6 35. Ke3 Bxa4 36. Rxg7 Kd5 37. Rg5+ Ke6 38. f5+ Kf7 39. Rg7+ Ke8 40. Rxh7 Bd1 41. g5 Kf8 42. g6 Bb3 43. f6 Rc6 44. Rh8+ Bg8 45. f7 Re6+ 46. Kd3 Rf6 47. fxg8=Q+ 1-0

[Event "4NCL Online Division 5"]
[Site "online"]
[Date "2021.09.07"]
[EventDate "2021.09.07"]
[Round "2.82"]
[White "Reid, Mark"]
[WhiteElo "1455"]
[WhiteTeam "Lerryn Clowns"]
[Black "Lusha, Knedri"]
[BlackElo "2000"]
[BlackTeam "QMUL A"]
[Result "0-1"]
[PlyCount "70"]

1. d4 d5 2. c4 e6 3. Nc3 Nf6 4. Nf3 b6 5. Bg5 Be7 6. e3 O-O 7. cxd5 exd5 8. h3 h6 9. Bf4 Bb7 10. Bd3 c5 11. O-O Bd6 12. Bxd6 Qxd6 13. Nb5 Qe7 14. dxc5 bxc5 15. Rc1 Nbd7 16. Re1 Rfc8 17. Bf1 Nf8 18. a3 Ne6 19. Nc3 Rd8 20. Qa4 d4 21. exd4 cxd4 22. Nxd4 a5 23. Nxe6 fxe6 24. Bc4 Rd6 25. Qb3 Kh8 26. Bxe6 Re8 27. Bf5 Qxe1+ 28. Rxe1 Rxe1+ 29. Kh2 Re7 30. Qb5 Rd2 31. Qc5 Re8 32. Bg6 Rc8 33. Qb6 Ba8 34. Qa6 Rf8 35. Qxa5 Rxf2 0-1

[Event "4NCL Online Division 5"]
[Site "online"]
[Date "2021.09.07"]
[EventDate "2021.09.07"]
[Round "2.83"]
[White "Kafetzopoulos, Anastasis"]
[WhiteElo "1995"]
[WhiteTeam "QMUL A"]
[Black "Jenkins, David R"]
[BlackElo "1398"]
[BlackTeam "Lerryn Clowns"]
[Result "1-0"]
[PlyCount "65"]

1. d4 Nf6 2. c4 c5 3. d5 g6 4. Nc3 d6 5. e4 Bg7 6. Be2 O-O 7. Nf3 Bg4 8. O-O Nbd7 9. Be3 Bxf3 10. Bxf3 Ne5 11. Be2 Qd7 12. h3 Qd8 13. Qd2 Kh8 14. Rae1 Ng8 15. f4 Nd7 16. Kh1 f5 17. Bd3 e5 18. dxe6 fxe4 19. Bxe4 Ndf6 20. Bxb7 Rb8 21. Bf3 Ne7 22. Bf2 d5 23. cxd5 Qd6 24. g4 Nfg8 25. Rd1 Rxf4 26. Bg3 Be5 27. Bxf4 Bxf4 28. Ne4 Bxd2 29. Nxd6 Rxb2 30. Nc4 Rxa2 31. Rxd2 Rxd2 32. Nxd2 Nf6 33. d6 1-0

[Event "4NCL Online Division 5"]
[Site "online"]
[Date "2021.09.07"]
[EventDate "2021.09.07"]
[Round "2.84"]
[White "Childs, Barry B"]
[WhiteElo "1384"]
[WhiteTeam "Lerryn Clowns"]
[Black "Elliott, Nicholas"]
[BlackElo "1861"]
[BlackTeam "QMUL A"]
[Result "0-1"]
[PlyCount "46"]

1. d4 Nf6 2. Bf4 e6 3. e3 d5 4. Bd3 Bd6 5. Bxd6 cxd6 6. c3 O-O 7. Nd2 Nc6 8. Ngf3 e5 9. e4 dxe4 10. Nxe4 Nxe4 11. Bxe4 d5 12. Bc2 e4 13. Nd2 Qg5 14. O-O Bh3 15. g3 Bxf1 16. Nxf1 f5 17. Bb3 f4 18. Bxd5+ Qxd5 19. Qg4 Rf6 20. Re1 Raf8 21. Nd2 fxg3 22. Nxe4 gxf2+ 23. Nxf2 Rg6 0-1

[Event "4NCL Online Division 5"]
[Site "online"]
[Date "2021.09.07"]
[EventDate "2021.09.07"]
[Round "2.91"]
[White "Hameed, Asif"]
[WhiteElo "1735"]
[WhiteTeam "Oxford 4"]
[Black "Taylor, Robert K"]
[BlackElo "1973"]
[BlackTeam "Sheffield Uni '70s graduates"]
[Result "0-1"]
[PlyCount "71"]

1. e4 c5 2. Nf3 d6 3. b4 cxb4 4. d4 Nf6 5. Bd3 e6 6. a3 bxa3 7. Bxa3 Bd7 8. e5 dxe5 9. dxe5 Nd5 10. Bxf8 Kxf8 11. O-O Bc6 12. Qd2 Nd7 13. c4 Ne7 14. Nc3 Nc5 15. Bc2 Qxd2 16. Nxd2 g6 17. Be4 Kg7 18. Bxc6 Nxc6 19. Nde4 Nxe4 20. Nxe4 Nxe5 21. Nd6 Rhb8 22. f4 Nc6 23. Rfb1 b6 24. Kf2 a5 25. Ra4 Ra7 26. c5 bxc5 27. Rxb8 Nxb8 28. Nc4 Nc6 29. Ke3 f5 30. Ne5 Nxe5 31. fxe5 g5 32. g3 Kf7 33. Kd3 Rd7+ 34. Kc3 Rd5 35. Rxa5 Rxe5 36. Kc2 0-1

[Event "4NCL Online Division 5"]
[Site "online"]
[Date "2021.09.07"]
[EventDate "2021.09.07"]
[Round "2.92"]
[White "Beckett, Phill"]
[WhiteElo "1826"]
[WhiteTeam "Sheffield Uni '70s graduates"]
[Black "Kassey, Amaan"]
[BlackElo "1624"]
[BlackTeam "Oxford 4"]
[Result "1-0"]
[PlyCount "69"]

1. e4 c5 2. Nf3 Nc6 3. d4 cxd4 4. Nxd4 e6 5. Nb5 a6 6. Nd6+ Bxd6 7. Qxd6 Qe7 8. Qxe7+ Ngxe7 9. Bd2 O-O 10. Nc3 h6 11. O-O-O Rd8 12. Be3 b5 13. Bb6 Re8 14. Bc5 Ng6 15. g3 Nce5 16. f4 Nc4 17. Bxc4 bxc4 18. Rhe1 e5 19. f5 Nf8 20. Nd5 Bb7 21. Nc7 Rec8 22. Nxa8 Rxc5 23. Nb6 Bc6 24. Nd5 Nh7 25. Ne7+ Kf8 26. Nxc6 dxc6 27. Rd8+ Ke7 28. Ra8 Ra5 29. Ra7+ Kf8 30. Rd1 g6 31. Rdd7 Ng5 32. h4 c3 33. hxg5 Rxa2 34. bxc3 Ra1+ 35. Kb2 1-0

[Event "4NCL Online Division 5"]
[Site "online"]
[Date "2021.09.07"]
[EventDate "2021.09.07"]
[Round "2.93"]
[White "Hertog, Alexander"]
[WhiteElo "1720"]
[WhiteTeam "Oxford 4"]
[Black "Hughes, Richard"]
[BlackElo "1866"]
[BlackTeam "Sheffield Uni '70s graduates"]
[Result "0-1"]
[PlyCount "64"]

1. Nf3 c5 2. e3 e6 3. b3 Nf6 4. Bb2 Be7 5. d4 O-O 6. Be2 d5 7. dxc5 Bxc5 8. c4 Nc6 9. O-O a6 10. Na3 dxc4 11. Nxc4 Qe7 12. Qc1 b5 13. Nce5 Nxe5 14. Nxe5 Bb7 15. Bf3 Bxf3 16. Nxf3 Rac8 17. Qd1 Rfd8 18. Qe2 Nd5 19. Rfd1 Bb4 20. a3 Bc3 21. b4 Qf6 22. Nd4 Rc4 23. Rac1 Rdc8 24. Rb1 Bxb2 25. Qxb2 Nc3 26. Rdc1 Nxb1 27. Rxc4 bxc4 28. Qxb1 Qg6 29. Qc1 Qd3 30. a4 c3 31. Qc2 Qd2 32. Kf1 e5 0-1

[Event "4NCL Online Division 5"]
[Site "online"]
[Date "2021.09.07"]
[EventDate "2021.09.07"]
[Round "2.94"]
[White "McSheehy, Chris J"]
[WhiteElo "1721"]
[WhiteTeam "Sheffield Uni '70s graduates"]
[Black "Murawski, Jan"]
[BlackElo "1571"]
[BlackTeam "Oxford 4"]
[Result "0-1"]
[PlyCount "42"]

1. d4 Nf6 2. Nf3 e6 3. c4 d5 4. Nc3 Be7 5. Bf4 O-O 6. e3 Nbd7 7. Nb5 c6 8. Nc7 Bb4+ 9. Nd2 e5 10. dxe5 Ne4 11. Nxa8 Bxd2+ 12. Ke2 Ndc5 13. f3 dxc4 14. fxe4 Bg4+ 15. Kf2 Nxe4+ 16. Kg1 Bxd1 17. Rxd1 Bxe3+ 18. Bxe3 Qxd1 19. Nc7 Qe1 20. Bxa7 Nd2 21. Bf2 Qxf1# 0-1

[Event "4NCL Online Division 5"]
[Site "online"]
[Date "2021.09.07"]
[EventDate "2021.09.07"]
[Round "2.101"]
[White "Brusey, Alan W"]
[WhiteElo "2056"]
[WhiteTeam "Jurassic Coast A"]
[Black "Marchettini, Cristiano"]
[BlackElo "1515"]
[BlackTeam "Catford Cosmonauts 4"]
[Result "1-0"]
[PlyCount "105"]

1. e4 e5 2. Nf3 Nc6 3. Nc3 Nf6 4. Bb5 Bb4 5. O-O O-O 6. d3 d6 7. Bg5 h6 8. Bxf6 Qxf6 9. Nd5 Qd8 10. Bxc6 bxc6 11. Nxb4 Bd7 12. c3 Rb8 13. b3 a5 14. Nc2 c5 15. Re1 a4 16. b4 cxb4 17. cxb4 Bb5 18. d4 f5 19. dxe5 fxe4 20. Qd5+ Kh8 21. Qxe4 dxe5 22. Nxe5 Be8 23. Nd4 Rxb4 24. Nef3 c5 25. Ne6 Rxe4 26. Nxd8 Rxe1+ 27. Rxe1 Bb5 28. Ne6 Rf5 29. Re5 Rxe5 30. Nxe5 c4 31. Nd4 Ba6 32. Kf1 Kg8 33. Ke1 Kf8 34. Kd2 Ke7 35. Kc3 Kd6 36. Nxc4+ Kc5 37. Ne3 g6 38. h4 h5 39. Ne6+ Kd6 40. Nf4 Bc8 41. Nxg6 Be6 42. a3 Bb3 43. Kb4 Ke6 44. Nf4+ Ke5 45. Nxh5 Bf7 46. Ng3 Bb3 47. h5 Kf6 48. Nc4 Kg5 49. Nb2 Bd5 50. f3 Kh4 51. Ne4 Kxh5 52. Nf6+ Kh4 53. Nxd5 1-0

[Event "4NCL Online Division 5"]
[Site "online"]
[Date "2021.09.07"]
[EventDate "2021.09.07"]
[Round "2.102"]
[White "Foreman, Anthony"]
[WhiteElo "1492"]
[WhiteTeam "Catford Cosmonauts 4"]
[Black "Gosling, Brian G E"]
[BlackElo "1857"]
[BlackTeam "Jurassic Coast A"]
[Result "0-1"]
[PlyCount "90"]

1. f4 Nf6 2. b3 g6 3. Bb2 Bg7 4. Nf3 d5 5. e3 O-O 6. Be2 c5 7. O-O Nc6 8. d3 d4 9. e4 Ng4 10. Bc1 Ne3 11. Bxe3 dxe3 12. c3 e5 13. fxe5 Nxe5 14. Nxe5 Bxe5 15. Rf3 Bg4 16. Rxe3 Bf4 17. Rf3 Bxf3 18. Bxf3 Be5 19. Qc2 Qf6 20. a4 Qf4 21. h3 Qe3+ 22. Kf1 Rad8 23. Qd2 Qxd3+ 24. Qxd3 Rxd3 25. Ra2 Rfd8 26. Kf2 Bxc3 27. Nxc3 Rxc3 28. Rb2 Rd4 29. e5 b6 30. Ke2 Kf8 31. Kf2 Ke7 32. Bg4 h5 33. Be2 Rb4 34. Bb5 Rcxb3 35. Rd2 Rxb5 36. axb5 Rxb5 37. Ke3 Rb4 38. Ra2 a5 39. Ra3 a4 40. Ra2 Ke6 41. Kf3 Kxe5 42. Re2+ Kf5 43. g3 a3 44. Ra2 Rb3+ 45. Kg2 Rb2+ 0-1

[Event "4NCL Online Division 5"]
[Site "online"]
[Date "2021.09.07"]
[EventDate "2021.09.07"]
[Round "2.103"]
[White "Keech, Gabriel"]
[WhiteElo "1612"]
[WhiteTeam "Jurassic Coast A"]
[Black "Hunt, Iain"]
[BlackElo "1238"]
[BlackTeam "Catford Cosmonauts 4"]
[Result "0-1"]
[PlyCount "120"]

1. c4 Nf6 2. Nc3 g6 3. g3 Bg7 4. Bg2 c6 5. Nf3 d5 6. cxd5 cxd5 7. d4 O-O 8. O-O Ne4 9. Nxe4 dxe4 10. Nd2 Nc6 11. e3 e5 12. dxe5 Nxe5 13. Nxe4 Nd3 14. Qe2 Nxc1 15. Raxc1 Qe7 16. Rfd1 Rd8 17. Rxd8+ Qxd8 18. Nc5 Rb8 19. Rd1 Qe7 20. Nb3 Be6 21. Rd3 Bc4 22. Qd2 Bxd3 23. Qxd3 Bxb2 24. Qc2 Bf6 25. Qe4 Qxe4 26. Bxe4 b6 27. Nd2 Rd8 28. Nc4 Rd1+ 29. Kg2 Ra1 30. Bd5 Rxa2 31. Nxb6 Rd2 32. Nd7 Bg7 33. Bc6 h5 34. Kf3 Rc2 35. Be4 Rc3 36. Nb8 a5 37. Nc6 a4 38. Nb4 Rc4 39. Na2 a3 40. Bd5 Rc5 41. e4 Kf8 42. Ke2 Ke7 43. f3 Kd6 44. Kd3 f5 45. h4 Bf6 46. Bg8 fxe4+ 47. fxe4 g5 48. hxg5 Bxg5 49. Bd5 Ke5 50. Bc4 Rc8 51. Bd5 Rf8 52. Ke2 Rc8 53. Kd3 Rb8 54. Bc4 Rb2 55. Bd5 Rg2 56. Nc1 Rxg3+ 57. Kc2 Bxc1 58. Kxc1 h4 59. Kc2 h3 60. Bc4 h2 0-1

[Event "4NCL Online Division 5"]
[Site "online"]
[Date "2021.09.07"]
[EventDate "2021.09.07"]
[Round "2.104"]
[White "Asthana, Arushi"]
[WhiteElo "1100"]
[WhiteTeam "Catford Cosmonauts 4"]
[Black "Southall, Christopher M"]
[BlackElo "1495"]
[BlackTeam "Jurassic Coast A"]
[Result "0-1"]
[PlyCount "92"]

1. e4 e6 2. d4 a6 3. Nf3 b5 4. c4 Bb7 5. Bd3 bxc4 6. Bxc4 Bxe4 7. O-O d5 8. Bb3 Nf6 9. Nc3 Bd6 10. Nxe4 Nxe4 11. Ne5 Bxe5 12. dxe5 Nd7 13. Ba4 O-O 14. f3 Nec5 15. Bc2 Nxe5 16. b4 Ncd7 17. f4 Nc4 18. Rb1 Qe7 19. Rb3 g6 20. Bd3 Ndb6 21. Bc2 a5 22. f5 exf5 23. Rg3 Kh8 24. Qd4+ Qe5 25. Qxe5+ Nxe5 26. Bb2 Nc4 27. Bxe5+ Nxe5 28. b5 Rfd8 29. a4 d4 30. Bb1 d3 31. Rd1 Rd4 32. Bxd3 Nxd3 33. Rdxd3 Rxa4 34. Rh3 Rb4 35. Rd7 Kg7 36. Rxc7 a4 37. Rd3 a3 38. Rdd7 a2 39. Rxf7+ Kh6 40. Rxh7+ Kg5 41. h4+ Rxh4 42. Rxh4 Kxh4 43. Kh2 a1=Q 44. Rh7+ Kg4 45. b6 Rh8 46. Rxh8 Qxh8+ 0-1

[Event "4NCL Online Division 5"]
[Site "online"]
[Date "2021.09.07"]
[EventDate "2021.09.07"]
[Round "2.111"]
[White "Brown, Hugh"]
[WhiteElo "1305"]
[WhiteTeam "Manaccan Maulers"]
[Black "Kenning, Paul H"]
[BlackElo "1824"]
[BlackTeam "Anglian Avengers 3"]
[Result "0-1"]
[PlyCount "32"]

1. Nf3 d6 2. g3 e5 3. e4 f5 4. d3 Nf6 5. Nc3 Be7 6. Bg2 Nc6 7. O-O O-O 8. Nh4 fxe4 9. Bxe4 Nxe4 10. Nxe4 Bxh4 11. gxh4 Bh3 12. Re1 Nd4 13. Bg5 Qd7 14. Kh1 Bg4 15. Qc1 Bf3+ 16. Kg1 Qh3 0-1

[Event "4NCL Online Division 5"]
[Site "online"]
[Date "2021.09.07"]
[EventDate "2021.09.07"]
[Round "2.113"]
[White "James, John"]
[WhiteElo "1248"]
[WhiteTeam "Manaccan Maulers"]
[Black "Stephens, Robert Wynn"]
[BlackElo "1776"]
[BlackTeam "Anglian Avengers 3"]
[Result "0-1"]
[PlyCount "38"]

1. d4 g6 2. Bf4 Bg7 3. e3 d6 4. Nf3 Nf6 5. Be2 O-O 6. O-O Nbd7 7. Nbd2 c5 8. c3 b6 9. Bd3 Bb7 10. Qc2 Rc8 11. Qa4 a6 12. e4 b5 13. Qc2 cxd4 14. e5 dxe5 15. Nxe5 Nxe5 16. Bxe5 dxc3 17. Bxc3 b4 18. Qb3 bxc3 19. bxc3 Qxd3 0-1

[Event "4NCL Online Division 5"]
[Site "online"]
[Date "2021.09.07"]
[EventDate "2021.09.07"]
[Round "2.114"]
[White "Kent, Rowan"]
[WhiteElo "1495"]
[WhiteTeam "Anglian Avengers 3"]
[Black "Gerasimenko, Ivan"]
[BlackElo "1169"]
[BlackTeam "Manaccan Maulers"]
[Result "1-0"]
[PlyCount "45"]

1. e4 e5 2. Nf3 Nc6 3. Bc4 Nf6 4. Ng5 d5 5. exd5 Nd4 6. c3 Nf5 7. Qb3 Nxd5 8. Nxf7 Kxf7 9. Bxd5+ Ke8 10. d3 Bd6 11. Bxb7 Bxb7 12. Qxb7 Nh4 13. Qc6+ Kf7 14. Be3 Nxg2+ 15. Qxg2 Re8 16. Nd2 Kg8 17. Rg1 g6 18. Ne4 Rb8 19. Bg5 Be7 20. Bxe7 Qxe7 21. Qg5 Qxg5 22. Rxg5 Rxb2 23. Nf6+ 1-0

[Event "4NCL Online Division 5"]
[Site "online"]
[Date "2021.09.07"]
[EventDate "2021.09.07"]
[Round "2.121"]
[White "Pereira, Nolan"]
[WhiteElo "1906"]
[WhiteTeam "Colchester JFF A"]
[Black "Nagar, Nikunj"]
[BlackElo "653"]
[BlackTeam "East Kilbride Wanderers"]
[Result "1-0"]
[PlyCount "23"]

1. c4 e5 2. Nc3 Nc6 3. g3 Nf6 4. Bg2 Bc5 5. Nf3 O-O 6. O-O d5 7. Nxd5 Nxd5 8. cxd5 Qxd5 9. Qc2 Bd6 10. Ng5 h6 11. Bxd5 Nd4 12. Qh7# 1-0

[Event "4NCL Online Division 5"]
[Site "online"]
[Date "2021.09.07"]
[EventDate "2021.09.07"]
[Round "2.122"]
[White "Roul, Tushar"]
[WhiteElo "472"]
[WhiteTeam "East Kilbride Wanderers"]
[Black "Rida, Ruqayyah"]
[BlackElo "1655"]
[BlackTeam "Colchester JFF A"]
[Result "0-1"]
[PlyCount "38"]

1. e4 e5 2. Nf3 Nc6 3. Nc3 Nf6 4. d4 exd4 5. Nxd4 Bb4 6. Nxc6 bxc6 7. Bd3 O-O 8. O-O d5 9. exd5 cxd5 10. Bg5 Bxc3 11. bxc3 h6 12. Bxf6 Qxf6 13. Qh5 Be6 14. Qf3 Qg5 15. Rab1 Rab8 16. h3 c5 17. Qg3 Qxg3 18. fxg3 g6 19. Rf6 Rxb1+ 0-1

[Event "4NCL Online Division 5"]
[Site "online"]
[Date "2021.09.07"]
[EventDate "2021.09.07"]
[Round "2.123"]
[White "Catabay, Mae Katelyn Rose"]
[WhiteElo "1586"]
[WhiteTeam "Colchester JFF A"]
[Black "Roul, Karan"]
[BlackElo "455"]
[BlackTeam "East Kilbride Wanderers"]
[Result "1/2-1/2"]
[PlyCount "122"]

1. e4 d5 2. exd5 Nf6 3. d4 Nxd5 4. c4 Nf6 5. Nc3 Bf5 6. Nf3 e6 7. Bd3 Bg6 8. Bf4 Bd6 9. Bg3 Nc6 10. Bxg6 hxg6 11. O-O Bxg3 12. fxg3 Qd7 13. Qd3 Nxd4 14. Qxd4 Qxd4+ 15. Nxd4 O-O-O 16. Ndb5 c6 17. Na3 Rd2 18. b3 Rh5 19. Rad1 Re2 20. Nxe2 Ra5 21. Nc2 Rxa2 22. Rc1 Rb2 23. Nc3 Rxb3 24. Nd4 Rb4 25. Nce2 e5 26. Nf3 Rb2 27. Nc3 Rb4 28. Nxe5 a5 29. Nxf7 Rb2 30. Rcd1 Rc2 31. Rd8+ Kc7 32. Rd3 Nd7 33. Rfd1 Nc5 34. Re3 Kb8 35. Re8+ Ka7 36. Ne4 Nxe4 37. Rxe4 a4 38. Re7 a3 39. Nd8 Rb2 40. Rdd7 Rb1+ 41. Kf2 a2 42. Re5 Ka6 43. Nxb7 Rb2+ 44. Kf3 Rxb7 45. Rxb7 a1=Q 46. Rbe7 Qf1+ 47. Kg4 Qxc4+ 48. Re4 Qc3 49. R7e6 Qc1 50. Rxg6 Qd1+ 51. Kh4 Qd8+ 52. Kh3 Qd7+ 53. Reg4 Qc8 54. Kh4 Qh8+ 55. Kg5 Qd8+ 56. Kf5 Qd5+ 57. Kf4 Qd4+ 58. Kg5 Qd8+ 59. Kf5 Qd5+ 60. Kf4 Qd4+ 61. Kf5 Qd5+ 1/2-1/2

[Event "4NCL Online Division 5"]
[Site "online"]
[Date "2021.09.07"]
[EventDate "2021.09.07"]
[Round "2.131"]
[White "Pickup, Ian R"]
[WhiteElo "1783"]
[WhiteTeam "Downend 2"]
[Black "Doyle, Jamie"]
[BlackElo "1684"]
[BlackTeam "Wessex Some Stars F"]
[Result "0-1"]
[PlyCount "66"]

1. e4 e5 2. Nf3 Nc6 3. Nc3 Nf6 4. d4 exd4 5. Nd5 Nxd5 6. exd5 Bb4+ 7. Bd2 Qe7+ 8. Be2 Bxd2+ 9. Qxd2 Nb4 10. O-O O-O 11. Nxd4 Nxd5 12. Rae1 Qf6 13. Bf3 Nb6 14. Re4 d5 15. Rf4 Qg5 16. g3 c5 17. Nb5 Bh3 18. Re1 a6 19. Nc7 Rad8 20. Ne6 Bxe6 21. Rxe6 Nc4 22. Qc1 Qxf4 23. Qxf4 fxe6 24. Qg4 Rf6 25. Be2 Nxb2 26. f4 Na4 27. f5 Nb6 28. fxe6 Re8 29. c4 Rfxe6 30. Bf3 dxc4 31. Bxb7 c3 32. Kg2 c2 33. Qf4 Re1 0-1